| 000 | 00000cas 2200000zi 4500 |
| 001 | 9.939472 |
| 003 | CaOODSP |
| 005 | 20260317092728 |
| 006 | m o d f |
| 007 | cr ||||||||||| |
| 008 | 240618c20129999oncar p o f0###b0fre|d |
| 022 | |a2817-9838 |
| 040 | |aCaOODSP|bfre|erda|cCaOODSP |
| 043 | |an-cn--- |
| 086 | 1 |aDG2-16F-PDF |
| 110 | 1 |aCanada. |bComité externe d'examen des griefs militaires, |eauteur, |eorganisme de publication. |
| 222 | 0|aÉtat des résultats prospectif |b(Canada. Comité externe d'examen des griefs militaires) |
| 245 | 10|aÉtat des résultats prospectif. |
| 264 | 1|a[Ottawa] : |bComité externe d'examen des griefs militaires, |c[2012]- |
| 310 | |aAnnuel |
| 336 | |atexte|btxt|2rdacontent/fre |
| 337 | |ainformatique|bc|2rdamedia/fre |
| 338 | |aressource en ligne|bcr|2rdacarrier/fre |
| 362 | 1 |aParaît depuis : 2011/2012. |
| 500 | |aPublié aussi en anglais sous le titre : Future-oriented statement of operations. |
| 500 | |aTitre de la couverture. |
| 588 | |aDescription d'après : 2024/2025. |
| 588 | |aDernière livraison consultée : 2025/2026. |
| 610 | 16|aCanada. |bComité externe d'examen des griefs militaires|vPériodiques. |
| 650 | 6|aFinances publiques|zCanada|xPrévision|vPériodiques. |
| 655 | 7|aPériodiques|2rvmgf |
| 775 | 08|tFuture-oriented statement of operations.|w(CaOODSP)9.939471 |